01392nam a2200337 i 450000100090000000300090000900500170001800800410003502000180007604000380009408200200013210000330015224500830018526400460026826400100031430000530032433600260037733700280040333800270043150000210045865000400047965300170051965500170053685600770055385601060063085600910073690600450082794200120087299900170088495201530090113108584EG-ScBUE20230509103235.0030303t2003 ctua f 001 0 eng d a9781561586202 aDLCbengerdacDLCdDLCdEG-ScBUE04a684.08222bKOR1 aKorn, Peter,d1951-eauthor.10aWoodworking basics :bmastering the essentials of craftsmanship /cPeter Korn. 1aNewtown, CT :bThe Taunton Press,c[2003] 4cc2003 a186 paqes :billustrations (some color) ;c28 cm 2rdacontentatextbtxt 2rdamediaaunmediatedbn 2rdacarrieravolumebnc aIncludes index.  7aWoodworkvAmateurs' manuals.2BUEsh bARTcMay2023 vReading book413Table of contentsuhttp://www.loc.gov/catdir/toc/ecip041/2003005043.html423Contributor biographical informationuhttp://www.loc.gov/catdir/enhancements/fy0912/2003005043-b.html423Publisher descriptionuhttp://www.loc.gov/catdir/enhancements/fy0915/2003005043-d.html a7bcbccorignewd1eecipf20gy-gencatlg 2ddccBB c30314d30285 00102ddc40708BaccahaMAINbMAINc1STd2023-05-09ePurchaseg789.00h37380l0o684.08 KORp000044968r2025-07-15 00:00:00v986.25w2023-05-09yBB